|
|
|
|
| LEADER |
00000nam a2200000 a 4500 |
| 001 |
vtls001399770 |
| 003 |
SK-MaSNL |
| 005 |
20260302071929.0 |
| 008 |
160322s2000 xo ab rd d 0 slo |
| 015 |
|
|
|a SNBE2001/02-01140
|
| 020 |
|
|
|a 8085706245
|
| 035 |
|
|
|a SNK000354234
|
| 040 |
|
|
|a SNK
|b slo
|c SNK
|e AACR2
|
| 041 |
0 |
|
|a slo
|
| 044 |
|
|
|a xo
|c SK
|
| 080 |
|
|
|a 73/76+77.04:061.4(083.9)=854=20
|2 1981
|
| 080 |
|
|
|a 77.04
|2 1981
|
| 110 |
0 |
|
|a Galéria P. M. Bohúňa (Liptovský Mikuláš, Slovensko)
|4 aut
|9 32568
|
| 245 |
1 |
|
|a Liptov 2000
|b Galéria Petra Michala Bohúňa Liptovský Mikuláš 2000
|c koncepcia výstavy a katalógu Zuzana Gažíková, Karol Maliňák ; texty: Zuzana Gažíková a Karol Maliňák ; preklad Peter Gažík ; grafická úprava Milan Mikula ; fotografie Pavel Kastl ...[et al.]
|
| 260 |
|
|
|a Liptovský Mikuláš
|b Galéria Petra Michala Bohúňa
|c 2000
|
| 300 |
|
|
|a [52] s.
|b čiernobiele a fareb. fotogr.
|c 30 cm
|
| 500 |
|
|
|a Výstava sa koná pri príležitosti 45. výročia vzniku Galéria Petra Michala Bohúňa a Svetového stretnutia Liptákov
|
| 500 |
|
|
|a Súbež. text angl.
|
| 500 |
|
|
|a Katalóg v prebale
|
| 500 |
|
|
|a 1000 výt.
|
| 504 |
|
|
|a Biogr. údaje
|
| 610 |
2 |
7 |
|a Galéria P. M. Bohúňa (Liptovský Mikuláš, Slovensko)
|2 SNK
|9 32568
|
| 650 |
0 |
7 |
|a umenie výtvarné
|x výstavy
|x katalógy
|2 SNK
|9 297792
|
| 651 |
|
7 |
|a Liptovský Mikuláš (Slovensko : okres)
|2 SNK
|9 31431
|
| 655 |
|
7 |
|a katalógy výstav
|2 SNK
|9 70445
|
| 700 |
1 |
|
|a Gažíková, Zuzana
|4 aud
|4 tex
|9 12969
|
| 700 |
1 |
|
|a Maliňák, Karol,
|d 1958-
|4 aud
|4 tex
|9 7362
|
| 700 |
1 |
|
|a Gažík, Peter,
|d 1952-
|4 trl
|9 115621
|
| 700 |
1 |
|
|a Mikula, Milan
|4 gup
|9 11560
|
| 700 |
1 |
|
|a Kastl, Pavel,
|d 1953-
|4 pht
|9 224750
|
| 700 |
1 |
|
|a Poremba, Jacek
|4 pht
|9 734349
|
| 700 |
1 |
|
|a Szabó, Gejza
|4 pht
|9 47067
|
| 700 |
1 |
|
|a Šišková, Helena,
|d 1954-
|4 pht
|9 215054
|
| 919 |
|
|
|a 80-85706-24-5
|
| 958 |
|
|
|a TL
|
| 958 |
|
|
|a BX
|
| 999 |
|
|
|c 1154233
|d 1156163
|
| 952 |
|
|
|t P60, <03>, [BOOK], {603}
|a SNK
|b SNK
|y PREZ
|7 0
|p 17A0258524
|o snkOSB 12698
|i snkKSP 11635/2000
|0 0
|1 0
|4 0
|d 2000-11-14
|l 0
|r 2005-01-02 00:00:00
|w 2026-02-24
|
| 952 |
|
|
|t P60, <04>, [BOOK], {604}
|a SNK
|b SNK
|y VYP
|7 0
|p 17A0258525
|o snkOSB 12698 D1
|i snkKSP 11636/2000
|0 0
|1 0
|4 0
|d 2000-11-14
|l 0
|r 2005-01-02 00:00:00
|w 2026-02-24
|